| 000 | 00493nam a22001697a 4500 | ||
|---|---|---|---|
| 999 |
_c40634 _d40634 |
||
| 003 | OSt | ||
| 005 | 20210123120805.0 | ||
| 008 | 191016b ||||| |||| 00| 0 eng d | ||
| 020 | _a9789382951711 | ||
| 040 | _coclc | ||
| 082 |
_a158.1 _bKHE/Y |
||
| 100 |
_aKhera, Shiv _98370 |
||
| 245 |
_aYou Can Win A Step-by-Step Tool For Top Achievers / _cShiv Khera |
||
| 260 |
_aNew Delhi: _bBloomsbury, _c2018 |
||
| 300 | _a295p | ||
| 942 |
_2ddc _cBK _h158.1 _iKHE/Y _k158.1 _mKHE/Y |
||